| 000 | 00397nam a22001697a 4500 | ||
|---|---|---|---|
| 003 | SGT | ||
| 020 | _a9781138640535 | ||
| 082 |
_a616.85 _bT17P |
||
| 100 | _aPACMAN, ANN | ||
| 245 | _aTHEORETICAL ISSUES IN STUTTERING | ||
| 250 | _a2ND | ||
| 260 |
_aNEW YORK _bROUTLEDGE PUB _c2017 |
||
| 300 | _a182 | ||
| 650 | _aAUDIOLOGY | ||
| 653 | _aTHEORETICAL ISSUES IN STUTTERING | ||
| 942 |
_2ddc _cBK |
||
| 999 |
_c27201 _d27201 |
||